<?xml version="1.0" encoding="UTF-8"?>
<record
    xmlns:xsi="http://www.w3.org/2001/XMLSchema-instance"
    xsi:schemaLocation="http://www.loc.gov/MARC21/slim http://www.loc.gov/standards/marcxml/schema/MARC21slim.xsd"
    xmlns="http://www.loc.gov/MARC21/slim">

  <leader>02966nam a2200325 a 4500</leader>
  <controlfield tag="003">OSt</controlfield>
  <controlfield tag="005">20251110143531.0</controlfield>
  <controlfield tag="007">cr ||||||a|c|a</controlfield>
  <controlfield tag="008">230828s2023    mx a|||fom||| 001 0 spa d</controlfield>
  <datafield tag="040" ind1=" " ind2=" ">
    <subfield code="e">rda</subfield>
  </datafield>
  <datafield tag="100" ind1="1" ind2=" ">
    <subfield code="9">187792</subfield>
    <subfield code="a">Aguilar G&#xF3;mez, Luis Alberto</subfield>
  </datafield>
  <datafield tag="245" ind1="1" ind2="0">
    <subfield code="a">An&#xE1;lisis de viabilidad t&#xE9;cnica y econ&#xF3;mica de un centro de recepci&#xF3;n para la comercializaci&#xF3;n de especies agropecuarias en Santiago Alseseca, Tecamachalco, Puebla /</subfield>
    <subfield code="c">por Luis Alberto Aguilar G&#xF3;mez ; director de tesis Ignacio Caamal Cauich.</subfield>
  </datafield>
  <datafield tag="264" ind1=" " ind2="1">
    <subfield code="a">Chapingo, M&#xE9;xico :</subfield>
    <subfield code="b">El autor,</subfield>
    <subfield code="c">2023.</subfield>
  </datafield>
  <datafield tag="300" ind1=" " ind2=" ">
    <subfield code="a">1 recurso en l&#xED;nea (80 p&#xE1;ginas):</subfield>
    <subfield code="b">gr&#xE1;ficas, tablas.</subfield>
  </datafield>
  <datafield tag="336" ind1=" " ind2=" ">
    <subfield code="2">rdacontent</subfield>
    <subfield code="a">texto</subfield>
    <subfield code="b">txt</subfield>
  </datafield>
  <datafield tag="337" ind1=" " ind2=" ">
    <subfield code="2">rdamedia</subfield>
    <subfield code="a">computadora</subfield>
    <subfield code="b">c</subfield>
  </datafield>
  <datafield tag="338" ind1=" " ind2=" ">
    <subfield code="2">rdacarrier</subfield>
    <subfield code="a">recurso en l&#xED;nea</subfield>
    <subfield code="b">cr</subfield>
  </datafield>
  <datafield tag="502" ind1=" " ind2=" ">
    <subfield code="b">LCI</subfield>
    <subfield code="c">DICEA</subfield>
    <subfield code="d">2023.</subfield>
    <subfield code="g">LIC</subfield>
  </datafield>
  <datafield tag="504" ind1=" " ind2=" ">
    <subfield code="a">Incluye referencias bibliogr&#xE1;ficas: p&#xE1;ginas 56-59.</subfield>
  </datafield>
  <datafield tag="520" ind1=" " ind2=" ">
    <subfield code="a">Las demandas de la sociedad por contar con alternativas viables de desarrollo socioecon&#xF3;mico en M&#xE9;xico, han sido en parte respondidas por los productores de ganader&#xED;a bovina, as&#xED; como los dem&#xE1;s productores de las especies menores y productores agr&#xED;colas, los cuales buscan promover la diversificaci&#xF3;n de actividades productivas en el sector rural, El objetivo de la investigaci&#xF3;n es dise&#xF1;ar la propuesta de inversi&#xF3;n para establecer el centro de recepci&#xF3;n para la comercializaci&#xF3;n de especies pecuarias en el municipio de Santiago Alsasega, Tecamachalco, puebla, como una soluci&#xF3;n a la problem&#xE1;tica de una inadecuada distribuci&#xF3;n de lugares p&#xFA;blicos de compra-venta de animales y derivados. En el presente trabajo se determinar y eval&#xFA;a la rentabilidad de la propuesta de inversi&#xF3;n del centro para la comercializaci&#xF3;n de especies pecuarias, con el prop&#xF3;sito de dar a los productores regionales la oportunidad de tener un lugar en ofrecer sus productos para garantizar sus posibilidades de venta sean mayores brindando un producto de calidad disminuyendo riesgos potenciales y maximizando beneficios para los productores y compradores. Los resultados obtenidos por medio de los indicadores demuestran la viabilidad t&#xE9;cnica, financiera, econ&#xF3;mica del proyecto con los siguientes par&#xE1;metros el Valor Actual Neto (VAN) de $ 8,737,004; Relaci&#xF3;n Beneficio Costo (B/C) de $1.16; y una Tasa Interna de Retorno (TIR) de 14%. considerando una tasa de actualizaci&#xF3;n del 10%, con un horizonte del proyecto de 10 a&#xF1;os.</subfield>
  </datafield>
  <datafield tag="650" ind1=" " ind2="2">
    <subfield code="9">136378</subfield>
    <subfield code="a">Empresas agropecuarias</subfield>
    <subfield code="x">Administraci&#xF3;n</subfield>
  </datafield>
  <datafield tag="650" ind1=" " ind2="4">
    <subfield code="9">135417</subfield>
    <subfield code="a">Empresas agropecuarias</subfield>
    <subfield code="x">Rentabilidad</subfield>
  </datafield>
  <datafield tag="650" ind1=" " ind2="4">
    <subfield code="9">187016</subfield>
    <subfield code="a">Estudios de mercado</subfield>
  </datafield>
  <datafield tag="650" ind1=" " ind2="4">
    <subfield code="9">144675</subfield>
    <subfield code="a">Ganado vacuno </subfield>
    <subfield code="x"> Mercadeo </subfield>
  </datafield>
  <datafield tag="650" ind1=" " ind2="4">
    <subfield code="9">45383</subfield>
    <subfield code="a">Ganado porcino</subfield>
    <subfield code="x">Mercadeo</subfield>
  </datafield>
  <datafield tag="650" ind1=" " ind2="4">
    <subfield code="9">45195</subfield>
    <subfield code="a">Ganado lanar</subfield>
    <subfield code="x">Mercadeo</subfield>
  </datafield>
  <datafield tag="700" ind1="1" ind2=" ">
    <subfield code="a">Caamal Cauich, Ignacio</subfield>
    <subfield code="e">director.</subfield>
    <subfield code="9">16527</subfield>
  </datafield>
  <datafield tag="856" ind1=" " ind2=" ">
    <subfield code="u">http://10.13.5.2/tesis/tl/TL_0811382-1_Aguilar-Gomez_Luis_Alberto.pdf</subfield>
    <subfield code="z">DESCARGAR PDF</subfield>
  </datafield>
  <datafield tag="942" ind1=" " ind2=" ">
    <subfield code="2">Clasificaci&#xF3;n Universidad Aut&#xF3;noma Chapingo</subfield>
    <subfield code="c">TD</subfield>
  </datafield>
  <datafield tag="999" ind1=" " ind2=" ">
    <subfield code="c">219118</subfield>
    <subfield code="d">219118</subfield>
  </datafield>
  <datafield tag="952" ind1=" " ind2=" ">
    <subfield code="0">0</subfield>
    <subfield code="1">0</subfield>
    <subfield code="2">local</subfield>
    <subfield code="4">0</subfield>
    <subfield code="5">1</subfield>
    <subfield code="7">0</subfield>
    <subfield code="8">TesDigL</subfield>
    <subfield code="a">BD</subfield>
    <subfield code="b">BD</subfield>
    <subfield code="c">E_L</subfield>
    <subfield code="d">2023-08-28</subfield>
    <subfield code="l">0</subfield>
    <subfield code="o">Tesis digital</subfield>
    <subfield code="r">2023-08-28 00:00:00</subfield>
    <subfield code="w">2023-08-28</subfield>
    <subfield code="y">TD</subfield>
  </datafield>
</record>
